000 00657nam a2200229Ia 4500
003 OSt
005 20220925224123.0
006 a|||||r|||| 00| 0
007 ta
008 220923b |||||||| |||| 00| 0 eng d
020 _a9780815364610
037 _cGeneral Book
040 _aRTL
_cRTL
_beng
041 _2eng
_aeng
082 _aX:87:8(R4), Q8
100 _aBARDY Roland
_9290824
245 0 _aRethinking leadership
_b A human centered approach to management ethics
260 _aLondon
_bRoutledge
_c2018
300 _axvii,227p
_ccm.
942 _hX:87:8(R4), Q8
_cGB
_2CC
999 _c580884
_d580884